Amateurvereine im Nordkreis Diepholz - Statistiken

Allgemein
  • Dieses Quiz wurde 10 mal gespielt
  • Das Durchschnittsergebnis liegt bei 26 aus 39
Antwortstatistiken
PLZ Aktuelle Spielklasse Verein % Korrekt
28816 Bremen-Liga Brinkumer SV
86%
27239 Bezirksliga SC Twistringen
86%
28844 Landesliga SC Weyhe
86%
27211 Bezirksliga TSV Bassum
86%
27211 Kreisliga TSV Bramstedt
86%
27327 2. Kreisklasse TSV Martfeld
86%
27211 2. Kreisklasse TSV Neubruchhausen
86%
28844 Bezirksliga TuS Sudweyhe
86%
27211 1. Kreisklasse AS United
71%
28857 1. Kreisklasse FC Gessel-Leerßen
71%
28816 3. Kreisklasse Paradise-City Fahrenhorst
71%
27305 Bezirksliga SV Bruchhausen-Vilsen
71%
28857 Bezirksliga SV Heiligenfelde
71%
27239 1. Kreisklasse SV Marhorst
71%
27211 3. Kreisklasse SV Osterbinde
71%
28857 Kreisliga TSV Barrien
71%
28816 2. Kreisklasse TSV Heiligenrode
71%
28857 Bezirksliga TSV Okel
71%
28857 abgemeldet TSV Ristedt
71%
27252 2. Kreisklasse TSV Schwaförden
71%
27327 1. Kreisklasse TSV Schwarme
71%
28844 Kreisliga TSV Weyhe-Lahausen
71%
28857 1. Kreisklasse TuS Syke
71%
27251 Kreisliga TV Neuenkirchen Gut Heil
71%
28816 Bezirksliga TV Stuhr
71%
27248 3. Kreisklasse SG Ehrenburg
57%
27211 abgemeldet SV Dimhausen
57%
28844 3. Kreisklasse SV Dreye
57%
27239 Kreisliga SV Mörsen-Scharrendorf
57%
28816 Bezirksliga TSG Seckenhausen-Fahrenhorst
57%
28844 Landesliga TSV Melchiorshausen
57%
27305 1. Kreisklasse TSV Süstedt
57%
28816 2. Kreisklasse TuS Varrel
57%
27211 Kreisliga TV Einigkeit Nordwohlde
57%
27239 3. Kreisklasse TV Heiligenloh
57%
28857 abgemeldet FC Syke 01
43%
28857 2. Kreisklasse TSG Osterholz-Gödestorf
43%
27330 2. Kreisklasse TSV Asendorf
43%
27257 1. Kreisklasse SC AS Hachetal
29%
Keine übereinstimmenden Quizze gefunden
Verteilung der Resultate
Anzahl Personen mit jedem Resultat
Perzentil nach korrekt beantworteten Fragen
Ihre Resultats-Entwicklung
Sie haben dieses Quiz noch nicht gespielt